00322nam a2200145Ia 4500003000900000008004100009040001300050040001300063245005000076245001100126250001200137260001300149300000800162490000600170IT-RoPAU120407s9999 xx 000 0 und d aIT-RoPAU cIT-RoPAU aAtlante Garzanti enciclopedia geografica 1976 cAA.VV. aMilano  aGarzanti c cm v1